[Event "39th Olympiad Women"]
[Site "Khanty-Mansiysk RUS"]
[Date "2010.09.23"]
[Round "3"]
[White "Paridar, Shadi"]
[Black "Pintor, Ariana"]
[Result "0-1"]
[WhiteTitle "WGM"]
[BlackTitle "WFM"]
[WhiteElo "2242"]
[BlackElo "2110"]
[Board "15.2"]
[WhiteTeam "IRI"]
[BlackTeam "POR"]
[WhiteFideId "12500666"]
[BlackFideId "1902806"]
[EventDate "2010.09.21"]
[EventType "team"]

1. e4 c6 2. c4 d5 3. exd5 cxd5 4. cxd5 Nf6 5. Qa4+ Nbd7 6. Nc3 g6 7. Bc4 Bg7 8.
d3 O-O 9. Nf3 a6 10. Qa3 Ng4 11. O-O Nde5 12. Nxe5 Nxe5 13. Bg5 Re8 14. Rfe1 Bf5
15. f4 Ng4 16. Nd1 b5 17. Bxe7 Qb6+ 18. Kh1 a5 19. h3 Nf2+ 20. Nxf2 Qxf2 21.
Bxb5 Bxb2 22. Qc5 Bd4 23. Qc1 Rac8 24. Bc6 Bxh3 25. gxh3 Qf3+ 26. Kh2 Bf2 27.
Rg1 Be3 28. Qxe3 Qxe3 29. Bxe8 Qxf4+ 30. Kh1 Qf3+ 31. Rg2 Rc2 0-1

[Event "39th Olympiad Women"]
[Site "Khanty-Mansiysk RUS"]
[Date "2010.09.23"]
[Round "3"]
[White "Mir Mahmoud, Afamia"]
[Black "Muminova, Nafisa"]
[Result "0-1"]
[BlackTitle "WIM"]
[WhiteElo "2014"]
[BlackElo "2319"]
[Board "16.1"]
[WhiteTeam "SYR"]
[BlackTeam "UZB"]
[WhiteFideId "7600674"]
[BlackFideId "14201526"]
[EventDate "2010.09.21"]
[EventType "team"]

1. d4 Nf6 2. c4 e6 3. Nf3 d5 4. Nc3 Nbd7 5. Bg5 Bb4 6. e3 c5 7. cxd5 exd5 8.
dxc5 O-O 9. Be2 Nxc5 10. Qd4 Bxc3+ 11. Qxc3 Nce4 12. Bxf6 Nxf6 13. O-O Be6 14.
Rac1 Rc8 15. Qb4 Rc7 16. Nd4 Qc8 17. Rxc7 Qxc7 18. Bd3 Rc8 19. h3 Qd7 20. Bb5
Qc7 21. Bd3 a6 22. Ne2 Qd7 23. Rc1 Rxc1+ 24. Nxc1 Ne8 25. Ne2 Nd6 26. Nc3 Nc4
27. Ne2 Ne5 28. Qd4 Nc6 29. Qf4 g6 30. a3 Qe7 31. Kh2 Bc8 32. Nd4 Qe5 33. Qxe5
Nxe5 34. Be2 Kf8 35. b3 Ke7 36. g4 Kd6 37. Kg3 Nd7 38. Bd3 h6 39. f4 Nc5 40. Bc2
b6 41. Kf3 Bd7 42. b4 Nb7 43. Bd3 a5 44. e4 dxe4+ 45. Kxe4 axb4 46. axb4 Nd8 47.
Bc4 f6 48. Bb5 Bc8 49. Be8 g5 50. Nf5+ Bxf5+ 51. Kxf5 Ke7 52. Ba4 Nf7 53. fxg5
Nd6+ 54. Kf4 hxg5+ 55. Ke3 Nc4+ 56. Kd4 Ne5 57. Kd5 Nd3 58. Kc6 Nxb4+ 59. Kxb6
Nd5+ 60. Kc5 Nf4 61. Bc2 Ke6 62. Kd4 Nxh3 63. Bf5+ Kd6 64. Bc8 Nf4 65. Ke4 Nd5
66. Ba6 Ne7 67. Bc4 Nc8 68. Ba6 Nb6 69. Kf5 Ke7 70. Bb5 Nd5 71. Be2 Nc7 72. Bc4
Ne8 73. Bb3 Nd6+ 74. Kg6 Nb5 75. Bc4 Nd4 76. Ba2 Nc2 77. Bc4 Ne3 78. Be2 Ke6 79.
Kh5 Ke5 80. Kg6 Nd5 81. Bf3 Nc3 82. Bb7 Ne4 83. Bc8 Nc5 84. Bf5 Ne6 85. Bb1 Nf4+
86. Kf7 Nd5 87. Bf5 Ne3 88. Bc8 Nxg4 89. Bxg4 f5 90. Bh5 g4 91. Kg6 Kf4 0-1

[Event "39th Olympiad Women"]
[Site "Khanty-Mansiysk RUS"]
[Date "2010.09.23"]
[Round "3"]
[White "Sabirova, Olga"]
[Black "Algildah, Nibal"]
[Result "1-0"]
[WhiteTitle "WIM"]
[WhiteElo "2216"]
[BlackElo "1932"]
[Board "16.2"]
[WhiteTeam "UZB"]
[BlackTeam "SYR"]
[WhiteFideId "14200201"]
[BlackFideId "7600950"]
[EventDate "2010.09.21"]
[EventType "team"]

1. e4 c6 2. Nc3 d5 3. Nf3 e6 4. d4 Nd7 5. Bd3 b6 6. O-O Bb7 7. Bf4 Ngf6 8. Re1
dxe4 9. Nxe4 Nxe4 10. Bxe4 Nf6 11. Bd3 Bd6 12. Bg5 h6 13. Bh4 O-O 14. Ne5 Be7
15. c3 Rc8 16. Qe2 Qe8 17. Rad1 Nd5 18. Bg3 Bg5 19. c4 Nf4 20. Bxf4 Bxf4 21. Qe4 1-0

[Event "39th Olympiad Women"]
[Site "Khanty-Mansiysk RUS"]
[Date "2010.09.23"]
[Round "3"]
[White "Al-Jelda, Fatma"]
[Black "Nodirjanova, Nodira"]
[Result "0-1"]
[WhiteElo "1822"]
[BlackElo "2136"]
[Board "16.3"]
[WhiteTeam "SYR"]
[BlackTeam "UZB"]
[WhiteFideId "7600291"]
[BlackFideId "14201232"]
[EventDate "2010.09.21"]
[EventType "team"]

1. e4 e6 2. d4 d5 3. exd5 exd5 4. Bd3 Nc6 5. c3 Bd6 6. Ne2 Qf6 7. Qd2 Bf5 8.
Bxf5 Qxf5 9. Qg5 Nge7 10. Qxf5 Nxf5 11. Bf4 O-O-O 12. Bxd6 Rxd6 13. Na3 Re6 14.
Kd2 g5 15. g3 Rhe8 16. Rae1 Nd6 17. Rhf1 Rh6 18. h4 gxh4 19. g4 Ne4+ 20. Kd1 Rf6
21. f4 h6 22. g5 Rg6 23. Nb1 Nd8 24. Nd2 hxg5 25. fxg5 Rxg5 26. Nf4 Nxd2 27.
Kxd2 Rxe1 28. Rxe1 Rf5 29. Nh3 Ne6 30. Re5 Rf3 31. Re3 Rf1 32. Re5 Rh1 33. Re3
Rh2+ 34. Kd3 Rxh3 0-1

[Event "39th Olympiad Women"]
[Site "Khanty-Mansiysk RUS"]
[Date "2010.09.23"]
[Round "3"]
[White "Sharevich, Anna"]
[Black "Latreche, Sabrina"]
[Result "1-0"]
[WhiteTitle "WGM"]
[BlackTitle "WFM"]
[WhiteElo "2283"]
[BlackElo "1951"]
[Board "17.1"]
[WhiteTeam "BLR"]
[BlackTeam "ALG"]
[WhiteFideId "13503189"]
[BlackFideId "7901798"]
[EventDate "2010.09.21"]
[EventType "team"]

1. d4 Nf6 2. c4 e6 3. g3 d5 4. Bg2 dxc4 5. Qa4+ Nbd7 6. Qxc4 Be7 7. Nf3 O-O 8.
O-O Rb8 9. Nc3 b5 10. Nxb5 Ba6 11. a4 Rb6 12. Qc2 Bxb5 13. axb5 Qb8 14. Qa4 Bd6
15. Ne5 Bxe5 16. dxe5 Nd5 17. e4 Ne7 18. Qd4 Ng6 19. f4 Rd8 20. Rd1 Rxb5 21.
Qxa7 Ngf8 22. Qxb8 Rdxb8 23. Ra7 R5b7 24. Rxb7 Rxb7 25. Rd4 h6 26. h4 c5 27. Rc4
Rb3 28. Kh2 Ng6 29. Rc2 Kf8 30. Bf1 Rb4 31. Be3 Rxe4 32. Bxc5+ Nxc5 33. Rxc5 Re1
34. Rc8+ Ke7 35. Bb5 f6 36. h5 Nf8 37. Rc7+ Kd8 38. Rf7 fxe5 39. Rxf8+ Ke7 40.
Rc8 exf4 41. gxf4 Re4 42. Rc7+ Kf8 43. Kg3 Rb4 44. Bc4 Rxb2 45. Bxe6 Rb1 46. Kg4
Rh1 47. Bf7 Ra1 48. Bg6 Ra8 49. Bf7 Ra1 50. Be6 Rg1+ 51. Kf5 Rg3 52. Bd5 Rg1 53.
Ke6 1-0

[Event "39th Olympiad Women"]
[Site "Khanty-Mansiysk RUS"]
[Date "2010.09.23"]
[Round "3"]
[White "Hamza, Amira"]
[Black "Ziaziulkina, Nastassia"]
[Result "1-0"]
[WhiteTitle "WCM"]
[BlackTitle "WIM"]
[WhiteElo "1886"]
[BlackElo "2284"]
[Board "17.2"]
[WhiteTeam "ALG"]
[BlackTeam "BLR"]
[WhiteFideId "7901160"]
[BlackFideId "13505211"]
[EventDate "2010.09.21"]
[EventType "team"]

1. d4 Nf6 2. Nf3 e6 3. Bg5 h6 4. Bh4 d6 5. c4 g5 6. Bg3 Nh5 7. e3 Bg7 8. Bd3 Qe7
9. Nc3 Nd7 10. Rc1 Ndf6 11. b4 Nxg3 12. hxg3 e5 13. Be2 g4 14. Nh4 e4 15. c5
dxc5 16. dxc5 c6 17. Qb3 Nh7 18. Bc4 Ng5 19. Ne2 Qf6 20. Rd1 O-O 21. O-O Be6 22.
Bxe6 Nxe6 23. Qc4 Qe5 24. Rd7 Rab8 25. Nf4 Rfe8 26. Rfd1 Bf6 27. R1d4 Rbd8 28.
Nxe6 Rxd7 29. Rxd7 Rxe6 30. Rxb7 Bxh4 31. gxh4 g3 32. fxg3 Qxg3 33. Qf1 Qg6 34.
Rxa7 Rf6 35. Ra8+ Kg7 36. Qe1 Rf3 37. Kh2 Rf5 38. Qg3 Rd5 39. Qxg6+ Kxg6 40. Ra6
Rd3 41. Rxc6+ Kf5 42. Kg3 Rxe3+ 43. Kf2 Ra3 44. b5 Rxa2+ 45. Ke3 Ke5 46. Ra6 Rb2
47. Rxh6 Rb3+ 48. Ke2 Rxb5 49. c6 Rc5 50. Rh5+ f5 51. g4 Kd4 52. Rxf5 Rxc6 53.
g5 Rc2+ 54. Kd1 Rg2 55. h5 Kd3 56. Rd5+ Kc4 57. Ra5 Kd3 58. Ra3+ Kd4 59. g6 Rg5
60. Rh3 e3 61. h6 Rg1+ 62. Ke2 Rg2+ 63. Kf1 Rf2+ 64. Ke1 Kd3 65. h7 Rb2 66. Kf1
Rb1+ 67. Kg2 Rb2+ 68. Kf3 e2 69. Kf2+ Kd2 70. Rh1 Rb8 71. g7 1-0

[Event "39th Olympiad Women"]
[Site "Khanty-Mansiysk RUS"]
[Date "2010.09.23"]
[Round "3"]
[White "Homiakova, Elena"]
[Black "Latreche, Khadidja"]
[Result "1-0"]
[WhiteTitle "WFM"]
[BlackTitle "WCM"]
[WhiteElo "2156"]
[BlackElo "1815"]
[Board "17.3"]
[WhiteTeam "BLR"]
[BlackTeam "ALG"]
[WhiteFideId "13507761"]
[BlackFideId "7901780"]
[EventDate "2010.09.21"]
[EventType "team"]

1. e4 c5 2. Nf3 d6 3. d4 cxd4 4. Nxd4 Nf6 5. Nc3 g6 6. Be3 Bg7 7. f3 Nc6 8. Qd2
O-O 9. Bc4 Bd7 10. O-O-O a6 11. Bb3 b5 12. h4 Ne5 13. h5 Nc4 14. Bxc4 bxc4 15.
Bh6 Qa5 16. g4 Rfb8 17. Bxg7 Kxg7 18. hxg6 fxg6 19. Qh6+ Kf7 20. g5 Ne8 21. Rh4
e5 22. Qxh7+ Ng7 23. Rh6 exd4 24. Qxg6+ Kg8 25. Rdh1 1-0

[Event "39th Olympiad Women"]
[Site "Khanty-Mansiysk RUS"]
[Date "2010.09.23"]
[Round "3"]
[White "Caoili, Arianne"]
[Black "Cori T., Deysi"]
[Result "0-1"]
[WhiteTitle "WIM"]
[BlackTitle "WGM"]
[WhiteElo "2243"]
[BlackElo "2368"]
[Board "18.1"]
[WhiteTeam "AUS"]
[BlackTeam "PER"]
[WhiteFideId "5201179"]
[BlackFideId "3801934"]
[EventDate "2010.09.21"]
[EventType "team"]

1. c4 Nf6 2. Nc3 e6 3. e4 d5 4. e5 d4 5. exf6 dxc3 6. bxc3 Qxf6 7. Nf3 e5 8. d4
exd4 9. Bg5 Qe6+ 10. Be2 Be7 11. Bxe7 Qxe7 12. cxd4 O-O 13. O-O Rd8 14. Re1 Qf6
15. Qb3 Nc6 16. d5 Na5 17. Qb4 b6 18. Bd3 Ba6 19. Rac1 Re8 20. Qa4 Rxe1+ 21.
Rxe1 g6 22. Ne5 Rd8 23. h3 Kg7 24. Re3 Bb7 25. Qb4 Bc8 26. Nf3 c6 27. Re7 cxd5
28. cxd5 Rxd5 29. Re8 Rc5 30. Ne5 Be6 31. Ng4 Bxg4 32. hxg4 Nc6 33. Qd2 Qd4 34.
Qe2 Ne5 35. Bc2 Nxg4 36. Re4 Qxf2+ 37. Qxf2 Nxf2 38. Re2 Ng4 39. g3 Rc3 40. Kg2
Rxc2 0-1

[Event "39th Olympiad Women"]
[Site "Khanty-Mansiysk RUS"]
[Date "2010.09.23"]
[Round "3"]
[White "Dekic, Biljana N."]
[Black "Chumpitaz, Ann"]
[Result "0-1"]
[WhiteTitle "WIM"]
[BlackTitle "WFM"]
[WhiteElo "2104"]
[BlackElo "2150"]
[Board "18.3"]
[WhiteTeam "AUS"]
[BlackTeam "PER"]
[WhiteFideId "3200493"]
[BlackFideId "3804178"]
[EventDate "2010.09.21"]
[EventType "team"]

1. e4 c5 2. Nf3 Nc6 3. d4 cxd4 4. Nxd4 e5 5. Nb5 d6 6. c4 a6 7. N5a3 Be6 8. Nc3
Nf6 9. Be2 Be7 10. O-O O-O 11. Nc2 Rc8 12. b3 Kh8 13. Ne3 Nd4 14. Bb2 b5 15. Bd3
bxc4 16. Bxc4 Nb5 17. Nxb5 axb5 18. Bd5 Qb6 19. Qd3 Rc5 20. Ba3 b4 21. Bb2 Nxd5
22. exd5 Bd7 23. Rfd1 f5 24. a4 Qb7 25. Rac1 Rxc1 26. Bxc1 f4 27. Nc4 Bf5 28.
Qd2 Bg4 29. f3 Bd7 30. Kh1 Rc8 31. Qd3 Qc7 32. Nb2 Qc3 33. a5 Bd8 34. Qxc3 Rxc3
35. Nc4 Bc7 36. a6 Bb8 37. Nxd6 Bxd6 38. a7 Rc8 39. Bd2 Ra8 40. Ra1 Bc5 41. g3
fxg3 42. hxg3 Rxa7 43. Rxa7 Bxa7 44. Bxb4 Bd4 45. Kg2 Kg8 46. Bd6 Be8 47. b4 Bf7
48. b5 Bxd5 49. Bc7 Kf7 50. b6 Ke6 51. g4 Kd7 52. Kg3 Kc6 53. g5 Bxb6 54. Bxe5
Bc7 55. Bxc7 Kxc7 56. f4 g6 57. Kg4 Be4 58. Kg3 Kd6 59. Kg4 Ke6 60. Kg3 Kf5 0-1

[Event "39th Olympiad Women"]
[Site "Khanty-Mansiysk RUS"]
[Date "2010.09.23"]
[Round "3"]
[White "Aliaga Fernandez, Ingrid Y"]
[Black "Reid, Vaness"]
[Result "1-0"]
[WhiteTitle "WFM"]
[BlackTitle "WFM"]
[WhiteElo "2134"]
[BlackElo "1839"]
[Board "18.4"]
[WhiteTeam "PER"]
[BlackTeam "AUS"]
[WhiteFideId "3802191"]
[BlackFideId "3205835"]
[EventDate "2010.09.21"]
[EventType "team"]

1. e4 e6 2. d4 d5 3. Nc3 Bb4 4. e5 b6 5. f4 Ne7 6. Nf3 Ba6 7. Bxa6 Nxa6 8. O-O
Nf5 9. Ne2 c6 10. Rf2 Be7 11. Qd3 Nc7 12. g4 Nh4 13. f5 exf5 14. gxf5 Qd7 15.
Ng5 f6 16. e6 Qc8 17. Nf7 Rg8 18. Ng3 g5 19. Nh6 Rg7 20. Nh5 Bf8 21. Nxf6+ Kd8
22. Nf7+ Ke7 23. Nh5 Rg8 24. Bxg5+ 1-0

[Event "39th Olympiad Women"]
[Site "Khanty-Mansiysk RUS"]
[Date "2010.09.23"]
[Round "3"]
[White "Houska, Jovanka"]
[Black "Sanchez Castillo, Sarai"]
[Result "1-0"]
[WhiteTitle "IM"]
[BlackTitle "IM"]
[WhiteElo "2426"]
[BlackElo "2278"]
[Board "19.1"]
[WhiteTeam "ENG"]
[BlackTeam "VEN"]
[WhiteFideId "405094"]
[BlackFideId "3900754"]
[EventDate "2010.09.21"]
[EventType "team"]

1. d4 d5 2. Nf3 c6 3. c4 e6 4. e3 Nf6 5. Bd3 Nbd7 6. b3 Bd6 7. Bb2 b6 8. Nbd2
Bb7 9. O-O Qc7 10. Rc1 O-O 11. Qe2 e5 12. cxd5 Nxd5 13. dxe5 Be7 14. Bb1 g6 15.
Rfd1 Rad8 16. Qc4 Nc5 17. Qg4 Bc8 18. Qg3 Nb4 19. Nd4 Nbd3 20. Bxd3 Nxd3 21.
Rxc6 Qxe5 22. Qxe5 Nxe5 23. Rc7 Rd7 24. Rxd7 Bxd7 25. N2f3 Nxf3+ 26. Nxf3 Be6
27. Nd4 Rd8 28. Rc1 Bd7 29. Nf3 f6 30. h3 Rc8 31. Rd1 Be8 32. Nd4 Kf7 33. Kf1 a5
34. a4 Bb4 35. Ke2 Ke7 36. Rc1 Rxc1 37. Bxc1 Bf7 38. Kd3 Bc5 39. Kc2 Kd6 40. Bb2
f5 41. Nf3 Bd5 42. Bd4 Bxd4 43. exd4 Bxf3 44. gxf3 Kd5 45. Kc3 f4 46. Kd3 h6 47.
Kc3 h5 48. Kd3 g5 49. Kc3 1-0

[Event "39th Olympiad Women"]
[Site "Khanty-Mansiysk RUS"]
[Date "2010.09.23"]
[Round "3"]
[White "Moreno Garcia, Elizabeth Paola"]
[Black "Lauterbach, Ingrid"]
[Result "1-0"]
[WhiteTitle "WIM"]
[BlackTitle "WIM"]
[WhiteElo "2024"]
[BlackElo "2169"]
[Board "19.2"]
[WhiteTeam "VEN"]
[BlackTeam "ENG"]
[WhiteFideId "3901556"]
[BlackFideId "405221"]
[EventDate "2010.09.21"]
[EventType "team"]

1. e4 d6 2. d4 Nf6 3. Nc3 g6 4. f4 Bg7 5. Nf3 c5 6. Bb5+ Bd7 7. Bxd7+ Nfxd7 8.
Be3 O-O 9. O-O Nc6 10. Qd2 cxd4 11. Nxd4 Na5 12. b3 Rc8 13. f5 Nf6 14. Rf3 Ng4
15. Rd1 Nxe3 16. Qxe3 Nc6 17. Nxc6 Rxc6 18. Nd5 e6 19. fxe6 fxe6 20. Rxf8+ Bxf8
21. Nb4 Qb6 22. Qxb6 Rxb6 23. Nd3 Ra6 24. a4 Kf7 25. Kf2 Ke7 26. Kf3 Ra5 27. g4
h5 28. h4 hxg4+ 29. Kxg4 Bh6 30. Re1 Bd2 31. Re2 Bh6 32. e5 Rd5 33. Re4 dxe5 34.
Nxe5 Kf6 35. Nd3 b6 36. Rc4 a5 37. b4 axb4 38. Nxb4 Rd1 39. Nd3 Rg1+ 40. Kf3
Rf1+ 41. Ke2 Rh1 42. Nf2 Ra1 43. Ng4+ 1-0

[Event "39th Olympiad Women"]
[Site "Khanty-Mansiysk RUS"]
[Date "2010.09.23"]
[Round "3"]
[White "Grigoryan, Meri"]
[Black "Gutierrez, Leonela"]
[Result "1/2-1/2"]
[WhiteTitle "WFM"]
[WhiteElo "2099"]
[BlackElo "2062"]
[Board "19.3"]
[WhiteTeam "ENG"]
[BlackTeam "VEN"]
[WhiteFideId "13300571"]
[BlackFideId "3900401"]
[EventDate "2010.09.21"]
[EventType "team"]

1. d4 Nf6 2. c4 g6 3. Nc3 Bg7 4. e4 d6 5. Nf3 O-O 6. h3 e5 7. d5 Nbd7 8. Bg5 a5
9. a3 h6 10. Be3 Nc5 11. Nd2 c6 12. b4 Na6 13. Nb3 cxd5 14. cxd5 axb4 15. axb4
Qc7 16. Nb5 Qe7 17. Nc3 Qc7 18. Nb5 Qe7 19. Nc3 Qc7 20. Nb5 1/2-1/2

[Event "39th Olympiad Women"]
[Site "Khanty-Mansiysk RUS"]
[Date "2010.09.23"]
[Round "3"]
[White "Ubaldo Suarez, Maria Gisela"]
[Black "Hegarty, Sarah N"]
[Result "1/2-1/2"]
[WhiteTitle "WIM"]
[BlackTitle "WFM"]
[WhiteElo "2054"]
[BlackElo "2084"]
[Board "19.4"]
[WhiteTeam "VEN"]
[BlackTeam "ENG"]
[WhiteFideId "3900630"]
[BlackFideId "2501465"]
[EventDate "2010.09.21"]
[EventType "team"]

1. d4 Nf6 2. Nf3 g6 3. c4 Bg7 4. Nc3 d5 5. Bf4 O-O 6. e3 c5 7. Rc1 Qa5 8. Qd2
cxd4 9. exd4 dxc4 10. Bxc4 Nc6 11. O-O Qb4 12. Bb5 Ne4 13. Qe2 Nxc3 14. bxc3 Qa3
15. Rfe1 e6 16. Bxc6 bxc6 17. Qc4 Ba6 18. Qxc6 Rfc8 19. Qe4 Bc4 20. Rc2 Bd5 21.
Qe3 Qa4 22. Rec1 Bxa2 23. Bh6 Bb3 24. Rb2 Qa3 25. Rbb1 Bd5 26. Bxg7 Kxg7 27. Ne5
f6 28. Ng4 g5 29. f4 Qa2 30. Nf2 h6 31. Qg3 Qd2 32. fxg5 Qxg5 33. Qxg5+ hxg5 34.
Ra1 a5 35. Nd3 Rc7 36. Nc5 e5 37. Ra3 exd4 38. cxd4 Re7 39. Rc2 Re1+ 40. Kf2 Rd1
41. Ra4 Kg6 42. Re2 Bc6 43. Ra3 Rxd4 44. Re6 Bd5 45. Re2 a4 46. Rb2 Rf4+ 47. Kg3
Kh5 48. h3 Ra5 49. Nd3 Rf1 50. Kh2 Be4 51. Nf2 Bg6 52. Ng4 Ra6 53. Ne3 Rb1 54.
Rba2 Re6 55. Nd5 Be4 56. Nc3 Rb3 57. Nxe4 Rxe4 58. Rxa4 Rxa4 59. Rxa4 Rc3 1/2-1/2

[Event "39th Olympiad Women"]
[Site "Khanty-Mansiysk RUS"]
[Date "2010.09.23"]
[Round "3"]
[White "Daulyte, Deimante"]
[Black "Hernandez Guerrero, Yadira"]
[Result "1-0"]
[WhiteTitle "WGM"]
[BlackTitle "WIM"]
[WhiteElo "2307"]
[BlackElo "2160"]
[Board "20.1"]
[WhiteTeam "LTU"]
[BlackTeam "MEX"]
[WhiteFideId "12802859"]
[BlackFideId "5100992"]
[EventDate "2010.09.21"]
[EventType "team"]

1. e4 e6 2. d4 d5 3. e5 c5 4. c3 Nc6 5. Nf3 Bd7 6. Be2 cxd4 7. cxd4 Nh6 8. O-O
Qb6 9. Nc3 Nf5 10. Na4 Qd8 11. Be3 Be7 12. Rc1 O-O 13. Nc5 Bc8 14. Qd2 a5 15.
Bb5 Na7 16. Bd3 b6 17. Na4 Bd7 18. Nc3 Nxe3 19. fxe3 b5 20. Rf2 b4 21. Ne2 Bb5
22. Ng3 Rc8 23. Rcf1 Qc7 24. Ne1 Bxd3 25. Nxd3 Qc4 26. b3 Qb5 27. Nf4 Rc3 28.
Nge2 Rcc8 29. Ng3 Bh4 30. Qd1 Bxg3 31. hxg3 Qd7 32. Nh5 Kh8 33. Qg4 f5 34. exf6
g6 35. Ng7 Rc6 36. Qg5 Rf7 37. Rf4 e5 38. dxe5 Rxg7 39. fxg7+ Kxg7 40. Rh4 h5
41. Rxh5 1-0

[Event "39th Olympiad Women"]
[Site "Khanty-Mansiysk RUS"]
[Date "2010.09.23"]
[Round "3"]
[White "Guerrero Rodriguez, Alejandra"]
[Black "Limontaite, Simona"]
[Result "1/2-1/2"]
[WhiteTitle "WIM"]
[BlackTitle "WIM"]
[WhiteElo "2128"]
[BlackElo "2187"]
[Board "20.2"]
[WhiteTeam "MEX"]
[BlackTeam "LTU"]
[WhiteFideId "5104297"]
[BlackFideId "12802506"]
[EventDate "2010.09.21"]
[EventType "team"]

1. e4 c5 2. Nf3 Nc6 3. c3 Nf6 4. e5 Nd5 5. d4 cxd4 6. Bc4 Nb6 7. Bb3 d5 8. exd6
Qxd6 9. cxd4 Be6 10. O-O Bxb3 11. Qxb3 e6 12. Nc3 Be7 13. Be3 O-O 14. Rfd1 Rfd8
15. Rac1 Rac8 16. d5 Nxd5 17. Nxd5 exd5 18. Qxb7 Qb4 19. Qa6 Qd6 20. Bc5 Qb8 21.
Bxe7 Nxe7 22. Rxc8 Rxc8 23. g3 Qb6 24. Qe2 Qf6 25. Kg2 h6 26. Ne5 Qe6 27. Re1
Nc6 28. Nxc6 Qxc6 29. Qf3 Qd6 30. Rd1 d4 31. Qb7 Rb8 32. Rxd4 Rxb7 33. Rxd6 Rxb2 1/2-1/2

[Event "39th Olympiad Women"]
[Site "Khanty-Mansiysk RUS"]
[Date "2010.09.23"]
[Round "3"]
[White "De La Parra Hurtado, Daniela"]
[Black "Beinoraite, Viktorija"]
[Result "1-0"]
[WhiteTitle "WCM"]
[WhiteElo "1887"]
[BlackElo "2053"]
[Board "20.4"]
[WhiteTeam "MEX"]
[BlackTeam "LTU"]
[WhiteFideId "5107369"]
[BlackFideId "12803642"]
[EventDate "2010.09.21"]
[EventType "team"]

1. d4 d5 2. Bg5 c6 3. Nc3 Bf5 4. e3 Nd7 5. Bd3 Bg6 6. h4 Ngf6 7. h5 Bxd3 8. cxd3
h6 9. Bf4 e6 10. Nh3 Qb6 11. Rb1 c5 12. dxc5 Bxc5 13. d4 Bb4 14. O-O O-O 15. g4
Nh7 16. g5 hxg5 17. Nxg5 Qd8 18. Qg4 Ndf6 19. Qh3 Bd6 20. Nxe6 fxe6 21. Qxe6+
Kh8 22. Qxd6 Qc8 23. Bh2 Qg4+ 24. Qg3 Qxh5 25. f3 Rae8 26. Rbe1 Re6 27. Kh1 Rfe8
28. Rg1 R8e7 29. e4 dxe4 30. fxe4 Ng8 31. Nd5 Rf7 32. Nf4 Rxf4 33. Qxg7# 1-0

[Event "39th Olympiad Women"]
[Site "Khanty-Mansiysk RUS"]
[Date "2010.09.23"]
[Round "3"]
[White "Kaya, Emel"]
[Black "Correa, Jaqueline Pamplona"]
[Result "1-0"]
[WhiteElo "2070"]
[BlackElo "1963"]
[Board "22.3"]
[WhiteTeam "TUR"]
[BlackTeam "BRA"]
[WhiteFideId "6306411"]
[BlackFideId "2113899"]
[EventDate "2010.09.21"]
[EventType "team"]

1. e4 d6 2. d4 Nf6 3. Nc3 g6 4. g3 Bg7 5. Bg2 O-O 6. Nge2 e5 7. O-O c6 8. a4 a5
9. b3 exd4 10. Nxd4 Re8 11. Rb1 Na6 12. Ba3 Nb4 13. Re1 Qb6 14. Nce2 Nxe4 15.
Bxe4 Rxe4 16. c3 Nd5 17. Bxd6 Bg4 18. Qd2 Rae8 19. c4 c5 20. Nb5 Nb4 21. Nf4 Qc6
22. Nd5 Re2 23. Rxe2 Rxe2 24. Qxe2 Bxe2 25. Ne7+ Kh8 26. Nxc6 Nxc6 27. Re1 Nd4
28. Nxd4 cxd4 29. Rxe2 h5 30. Be5 1-0

[Event "39th Olympiad Women"]
[Site "Khanty-Mansiysk RUS"]
[Date "2010.09.23"]
[Round "3"]
[White "De Oliveira, Ana Paula"]
[Black "Sasmazel, Burcu"]
[Result "0-1"]
[WhiteElo "1839"]
[BlackElo "1909"]
[Board "22.4"]
[WhiteTeam "BRA"]
[BlackTeam "TUR"]
[WhiteFideId "2107856"]
[BlackFideId "6319106"]
[EventDate "2010.09.21"]
[EventType "team"]

1. c4 e5 2. Nc3 Nc6 3. g3 g6 4. Bg2 Bg7 5. d3 d6 6. Nf3 f5 7. Bg5 Nf6 8. O-O h6
9. Bd2 O-O 10. Rb1 g5 11. b4 g4 12. Ne1 Nd4 13. Nc2 c6 14. b5 Qe8 15. e3 Ne6 16.
f4 gxf3 17. Bxf3 Ng5 18. e4 f4 19. gxf4 Nh3+ 20. Kh1 exf4 21. Ne2 Ng4 22. Qe1
Ne5 23. Rb3 Nxf3 24. Rxf3 Bg4 25. Rxh3 Bxh3 26. Nxf4 Bg4 27. d4 Kh7 28. Rg3 Be6
29. Qg1 Rg8 30. d5 cxd5 31. exd5 Bf5 32. Ne3 Qe4+ 33. Nfg2 Bd4 34. Qc1 Rxg3 35.
hxg3 Bh3 36. Qf1 Bxe3 37. Qf7+ Kh8 38. Bc3+ Bd4 39. Bxd4+ Qxd4 40. Nf4 Qe4+ 41.
Kh2 Bf5 42. Qf6+ Kg8 43. Qxh6 Qc2+ 44. Kg1 Qd1+ 45. Kf2 Qd2+ 46. Kf1 Bd3+ 47.
Kg1 Qe1+ 48. Kh2 Qf2+ 0-1

[Event "39th Olympiad Women"]
[Site "Khanty-Mansiysk RUS"]
[Date "2010.09.23"]
[Round "3"]
[White "Koskoska, Gabriela"]
[Black "Danielian, Elina"]
[Result "0-1"]
[WhiteTitle "WIM"]
[BlackTitle "IM"]
[WhiteElo "2142"]
[BlackElo "2466"]
[Board "23.1"]
[WhiteTeam "MKD"]
[BlackTeam "ARM"]
[WhiteFideId "15000630"]
[BlackFideId "13300210"]
[EventDate "2010.09.21"]
[EventType "team"]

1. c4 e5 2. Nc3 Nc6 3. Nf3 Nf6 4. d4 exd4 5. Nxd4 Bb4 6. Nxc6 Bxc3+ 7. bxc3 bxc6
8. Ba3 d6 9. c5 d5 10. e3 O-O 11. Be2 Ne4 12. Qd4 Qg5 13. O-O Bh3 14. Bf3 Rfe8
15. Kh1 Bf5 16. Rad1 Rad8 17. Bc1 Re6 18. c4 Ree8 19. Kg1 Qg6 20. cxd5 Ng5 21.
Kh1 Nxf3 22. gxf3 Rxd5 23. Qh4 Bd3 24. Rxd3 Qxd3 25. Rg1 Re6 26. Bb2 Rg6 27. Bd4
Rxg1+ 28. Kxg1 f6 29. f4 Rd8 30. Qh3 Qb1+ 31. Kg2 Qe4+ 32. Kg3 Qg6+ 33. Kf3 f5
34. Qh4 Qg4+ 35. Qxg4 fxg4+ 36. Kxg4 Rb8 37. h4 Rb4 38. h5 Ra4 39. Be5 Rxa2 40.
Bxc7 Rxf2 41. e4 g6 42. hxg6 hxg6 43. Kg5 Kf7 44. e5 Rc2 45. Bd6 Rg2+ 46. Kh4 a5
47. Kh3 Rc2 48. Kg4 Ke6 0-1